01673nam a2200313 i 4500001001000000003000900010005001700019007000300036008004100039040003000080082002100110245013700131264007600268300005500344336002700399337003300426338002800459590002600487600006900513650004400582700004600626910003700672942001400709952014500723952013300868952013901001952020201140999001701342000021602DO-SdBNP20240524155212.0ta100909s1992 dr ac r 001 0 spa d aDO-SdBNPbspacBNPHUerda 4a923.8bF825m22200aA la memoria de Román Franco Fondeur con motivo del 72 aniversario de su nacimiento 1920-1992 /ceditor, Teófilo A. Gutiérrez. aSantiago de los Caballeros, República Dominicana :bTeófilo,c1992. a148 páginas :bilustraciones, retratos ;c22 cm. 2rdacontentatextobtxt 2rdamediaasin mediaciónbn 2rdacarrieravolumenbnc aInventariado, 2024/BT14aFranco Fondeur, Román,d1920-1992,xHomenaje Póstumos944969 4aPeriodistaszRepública Dominicana9331 aGutiérrez, Teófilo A.,eeditor944970 aValidado. Control de calidad EMS 2ddccLBS1 00102ddc56708DSaBNPHUbBNPHUcHDd2010-09-09l0oBNPHU DS 923.8 F825mp21602-30r2020-06-25te. 3w2020-06-25yLBS1ZPréstamo en sala 00102ddc51708PDaBNPHUbBNPHUcHDd2010-09-09l0oBNPHU PD 923.8 F825mp21602-10r2020-06-25w2020-06-25yLBS1ZNo se presta 00102ddc51708PDaBNPHUbBNPHUcHDd2010-09-09l0oBNPHU PD 923.8 F825mp21602-20r2020-06-25te. 2w2020-06-25yLBS1ZNo se presta 00102ddc56708DSaBNPHUbBNPHUcHDd2024-05-24eDonaciónl0oBNPHU DS 923.8 F825mp2024-3144r2024-05-24te.4w2024-05-24yLBS1zPerteneció a la biblioteca personal de Emilio Cordero Michel. c21101d21101